| 000 | 00790nam a2200205 i 4500 | ||
|---|---|---|---|
| 001 | 44092 | ||
| 003 | ES-MaACL | ||
| 005 | 20250907063040.0 | ||
| 007 | t| | ||
| 008 | 030320s1937 cu ||||1| spa d | ||
| 100 | 1 |
_aCéspedes y de Quesada, Carlos Manuel, _d1871-1939 _937690 |
|
| 245 | 1 | 0 |
_aElogio del Dr Rodolfo Rodríguez de Armas / _cacadémico de número leído por Carlos Manuel Céspedes y de Quesada en la sesión celebrada el 8 de julio de 1937. |
| 260 |
_aLa Habana : _bA. Nuñez, _c1937. |
||
| 300 |
_a45 p., 1 h. de lám. ; _c24 cm. |
||
| 500 | _aPrecede al tít.: Academia de la Historia de Cuba. | ||
| 600 | 0 | 4 |
_aRodríguez de Armas, Rodolfo. _998439 |
| 710 | 2 |
_aAcademia de la Historia de Cuba. _91183 |
|
| 852 |
_aES-MaACL _j1822-F-9 |
||
| 999 |
_c44092 _d44092 |
||